000 00985cad a22002055a 4500
001 L155662
008 120330s2012 xxk f 000 0 eng d
035 _a(Sirsi) u155662
041 0 _aeng
110 2 _aSavills
_92020
245 0 0 _aSpotlight
_bWhere best to develop and invest in residential property
_h[electronic resource]
260 _aLondon
_bSavills
_c2012
520 _aIdentifies residential development and investment hotspots in England. Gross yield on vacant possession value v capital value growth forecast by English regions. Outlines yield opportunities through acquisition of distressed stock, build to let developments joint venture, off plan bulk acquisition and management at scale.
590 _aKA NTK
651 4 _aEngland
_y886-
690 _aResidential property
_96266
690 _aInvestments
_96250
856 4 0 _uhttps://www.savills.co.uk/research/residential-research.aspx
_zView the report after free registration at www.savills.co.uk
942 _n0
999 _c113738
_d113738